Bibliografický katalóg ČSR Články v slovenských časopisoch

Bibliographic Details
New Title:Slovenská národná bibliografia. Články
Previous Title:Bibliografický katalóg ČSR. Články v slovenských časopisoch
Other Authors: Kemka, Emil, 1925-1994 (Publishing director)
Format: Journal
Language:Slovak
PhysicalDescription:15 zv. 28 cm
Published: Martin Matica slovenská 1955-1969
ISSN:1335-8944
1335-9029
0231-9748
Subjects:

MARC

LEADER 00000cas a2200000 a 4500
001 vtls009934790
003 SK-MaSNL
005 20260425194228.0
008 170907d19551969xo mr p 0 1 b0slo c
022 |a 1335-8944 
035 |a (SVKBBclas03)vtls000255433 
040 |a SVKBB  |b slo  |c SVKBB  |d SNK  |d SVKBB  |e AACR2 
041 0 |a slo 
043 |a e-xo--- 
044 |a xo  |c SK 
072 7 |a 01  |x Bibliografia. Katalógy  |2 konspekt 
080 |a 015(437.6) 
080 |a 015(4/9)  |2 2011 
080 |a (437.6)  |2 2011 
080 |a (083.82)  |2 2011 
080 |a 01  |2 2011 
210 0 |a Bibliogr. kat. ČSR, Články slov. čas. 
222 0 |a Bibliografický katalóg ČSR. Články v slovenských časopisoch 
245 0 0 |a Bibliografický katalóg ČSR  |b Články v slovenských časopisoch 
246 3 0 |a Články v slovenských časopisoch 
246 3 1 |a Bibliografický katalóg ČSSR  |b Články v slovenských časopisoch 
260 |a Martin  |b Matica slovenská  |c 1955-1969 
300 |a 15 zv.  |c 28 cm 
310 |a 1x mesačne 
362 0 |a Roč. I (1955)-roč. XV, č. 14 (1969) 
500 |a Každý ročník uzatvára 13. a 14. číslo registrov autorského a predmetového registra 
500 |a Názov aj v rus., nem., angl. a franc. jazyku 
500 |a Ved. red.: 7/1960-14/1969, Emil Kemka 
650 0 7 |a národná bibliografia  |2 SNKPH  |9 65859 
650 0 7 |a bibliografia  |2 SNKPH  |9 24254 
651 7 |a Slovensko  |2 SNKPH  |9 14231 
655 7 |a katalógy  |2 SNKPH  |9 60821 
700 1 |a Kemka, Emil,  |d 1925-1994  |4 pbd  |9 6221 
710 2 |a Matica slovenská  |4 pbl  |9 14662 
752 |a Slovensko  |d Martin 
780 0 0 |t Bibliografický katalóg ČSR. Články v slovenských časopisoch  |x 1335-9029  |w vtls011701719 
785 0 0 |t Slovenská národná bibliografia. Články  |x 0231-9748  |w vtls008881296 
910 |a snk 
916 |a 7/1960-1969 
999 |c 7701  |d 9631 
952 |t č. 1-13   |a SNK  |b SNK  |y PREZ  |7 0  |p 17A0519100  |o snkČSB 1066/SČ/8/1962 D1  |z Č. 13 sú len registre  |3 rekatalogizácia  |0 0  |1 0  |4 0  |d 2006-08-09  |l 0  |r 2026-02-21 20:12:55  |w 2026-02-21 
952 |t č. 13-14  |a SNK  |b SNK  |y PREZ  |7 0  |p 17A0519108  |o snkČSB 1066/SČ/10/1964/reg. D1  |z Č. 13 a 14 sú len registre ; Č. 13 - autorský register ; Č. 14 - predmetový register   |3 rekatalogizácia  |0 0  |1 0  |4 0  |d 2006-08-09  |l 0  |r 2026-02-21 20:12:55  |w 2026-02-21 
952 |t č. 13-14, neúplné  |a SNK  |b SNK  |y PREZ  |7 0  |p 17A0519106  |o snkČSB 1066/SČ/10/1964/reg. D2  |i snkF 1002/72  |8 5  |z Chýba č. 13 ; č. 14 - predmetový register  |3 rekatalogizácia  |0 0  |1 0  |4 0  |d 2006-08-09  |l 0  |r 2026-02-21 20:12:55  |w 2026-02-21 
952 |t č. 7-14  |a SNK  |b SNK  |y PREZ  |7 0  |p 17A1206113  |o snkČSB 1066/SČ/6/1960/2  |i snkČSP 197/62  |z Č. 13 - autorský register ; č. 14 - predmetový register ; zviazané spolu s č. 1-6 (ČSB 1066/SČ/6/1960/1)  |f 1  |0 0  |1 0  |4 0  |d 2017-04-25  |l 0  |r 2026-02-21 20:13:24  |w 2026-02-21 
952 |t č. 1-6  |a SNK  |b SNK  |y PREZ  |7 0  |p 17A0588977  |o snkČSB 1066/SČ/12/1966/1 D1  |3 rekatalogizácia  |0 0  |1 0  |4 0  |d 2008-06-18  |l 0  |r 2026-02-21 20:14:53  |w 2026-02-21 
952 |t č. 1-7  |a SNK  |b SNK  |y PREZ  |7 0  |p 17A0887615  |o snkČSB 1066/SČ/14/1968/1 D1  |i snkČSP 450/71  |0 0  |1 0  |4 0  |d 2012-04-05  |l 0  |r 2026-02-21 20:26:51  |w 2026-02-21 
952 |t č. 8-14   |a SNK  |b SNK  |y PREZ  |7 0  |p 17A0887616  |o snkČSB 1066/SČ/14/1968/2 D1  |i snkČSP 450/71  |z Č. 13 a 14 sú len registre ; Č. 13 - autorský register ; Č. 14 - predmetový register  |0 0  |1 0  |4 0  |d 2012-04-05  |l 0  |r 2026-02-21 20:26:51  |w 2026-02-21 
952 |t č. 7-14  |a SNK  |b SNK  |y PREZ  |7 0  |p 17A1206111  |o snkČSB 1066/SČ/6/1960/2 D1  |i snkD 904/73  |8 1  |z Č. 13 a 14 sú len registre ; Č. 13 - autorský register ; Č. 14 - predmetový register  |0 0  |1 0  |4 0  |d 2017-04-25  |l 0  |r 2026-02-21 20:27:10  |w 2026-02-21 
952 |t č. 14  |a SNK  |b SNK  |y PREZ  |7 0  |p 17A0749999  |o snkČSB 1066/SČ/7/1961/reg.  |i snkČSP 645/65  |z Č. 14 - predmetový register  |f 1  |0 0  |1 0  |4 0  |d 2012-04-05  |l 0  |r 2026-02-21 20:30:05  |w 2026-02-21 
952 |t č. 13-14, neúplné  |a SNK  |b SNK  |y PREZ  |7 0  |p 17A0750001  |o snkČSB 1066/SČ/9/1963/reg.  |z Chýba č. 13 ; č. 14 - predmetový register  |f 1  |0 0  |1 0  |4 0  |d 2013-04-26  |l 0  |r 2026-02-21 20:30:53  |w 2026-02-21 
952 |t č. 1-12  |a SNK  |b SNK  |y PREZ  |7 0  |p 17A0750005  |o snkČSB 1066/SČ/9/1963 D1  |0 0  |1 0  |4 0  |d 2013-04-26  |l 0  |r 2026-02-21 20:30:53  |w 2026-02-21 
952 |t č. 14  |a SNK  |b SNK  |y PREZ  |7 0  |p 17A0749993  |o snkČSB 1066/SČ/8/1962/reg./2  |i snkČSP 647/65  |z Č. 14 - predmetový register  |f 1  |0 0  |1 0  |4 0  |d 2013-05-03  |l 0  |r 2026-02-21 20:31:18  |w 2026-02-21 
952 |t č. 13  |a SNK  |b SNK  |y PREZ  |7 0  |p 17A0750002  |o snkČSB 1066/SČ/8/1962/reg./1  |i snkČSP 646/65  |z Č. 13 - autorský register  |f 1  |0 0  |1 0  |4 0  |d 2013-05-03  |l 0  |r 2026-02-21 20:31:18  |w 2026-02-21 
952 |t č. 1-12  |a SNK  |b SNK  |y PREZ  |7 0  |p 17A0750003  |o snkČSB 1066/SČ/8/1962  |i snkČSP 872/63  |f 1  |0 0  |1 0  |4 0  |d 2013-07-12  |l 0  |r 2026-02-21 21:02:35  |w 2026-02-21 
952 |t č. 1-7  |a SNK  |b SNK  |y PREZ  |7 0  |p 17A0750018  |o snkČSB 1066/SČ/14/1968/1  |i snkČSP 449/71  |f 1  |0 0  |1 0  |4 0  |d 2017-04-21  |l 0  |r 2026-02-21 21:04:27  |w 2026-02-21 
952 |t č. 14  |a SNK  |b SNK  |y PREZ  |7 0  |p 17A0706317  |o snkČSB 1066/SČ/8/1962/reg./2 D1  |z Č. 14 - predmetový register  |0 0  |1 0  |4 0  |d 2017-04-25  |l 0  |r 2026-02-21 21:05:39  |w 2026-02-21 
952 |t č. 1-6  |a SNK  |b SNK  |y PREZ  |7 0  |p 17A0162583  |o snkČSB 1066/SČ/15/1969/1  |i snkČSP 875/72  |f 1  |3 Rekatalogizácia  |0 0  |1 0  |4 0  |d 1998-09-21  |l 0  |r 2005-01-02 00:00:00  |w 2026-02-21 
952 |t č. 1-7  |a SNK  |b SNK  |y PREZ  |7 0  |p 17A0588054  |o snkČSB 1066/SČ/13/1967/1  |i snkČSP 448/71  |f 1  |0 0  |1 0  |4 0  |d 2008-06-17  |l 0  |r 2026-02-21 21:23:00  |w 2026-02-21 
952 |t č. 8-14  |a SNK  |b SNK  |y PREZ  |7 0  |p 17A0588050  |o snkČSB 1066/SČ/13/1967/2  |i snkČSP 448/71  |z Č. 13 - predmetový register ; č. 14 - autorský register  |f 1  |0 0  |1 0  |4 0  |d 2008-06-17  |l 0  |r 2026-02-21 21:23:00  |w 2026-02-21 
952 |t č. 1-6  |a SNK  |b SNK  |y PREZ  |7 0  |p 17A0588997  |o snkČSB 1066/SČ/11/1965/1 D1  |3 rekatalogizácia  |0 0  |1 0  |4 0  |d 2008-06-17  |l 0  |r 2026-02-21 21:23:01  |w 2026-02-21 
952 |t č. 1-6  |a SNK  |b SNK  |y PREZ  |7 0  |p 17A0588995  |o snkČSB 1066/SČ/12/1966/1  |i snkČSP 602/69  |z Zviazané spolu s č. 7-12 (časť 2)  |f 1  |3 rekatalogizácia  |0 0  |1 0  |4 0  |d 2008-06-17  |l 0  |r 2026-02-21 21:23:02  |w 2026-02-21 
952 |t č. 1-13  |a SNK  |b SNK  |y PREZ  |7 0  |p 17A0588878  |o snkČSB 1066/SČ/7/1961  |i snkČSP 394/62  |z Č. 13 - autorský register  |f 1  |3 rekatalogizácia  |0 0  |1 0  |4 0  |d 2008-06-19  |l 0  |r 2026-02-21 21:23:04  |w 2026-02-21 
952 |t č. 8-14   |a SNK  |b SNK  |y PREZ  |7 0  |p 17A0750022  |o snkČSB 1066/SČ/14/1968/2  |i snkČSP 449/71  |z Č. 13 - autorský register ; č. 14 - predmetový register  |f 1  |0 0  |1 0  |4 0  |d 2017-04-21  |l 0  |r 2026-02-21 21:23:34  |w 2026-02-21 
952 |t č. 1-7  |a SNK  |b SNK  |y PREZ  |7 0  |p 17A0594670  |o snkČSB 1066/SČ/10/1964/1  |i snkČSP 415/68  |z Zviazané spolu s č. 8-14 (časť 2)  |f 1  |3 rekatalogizácia  |0 0  |1 0  |4 0  |d 2008-07-15  |l 0  |r 2026-02-21 21:30:01  |w 2026-02-21 
952 |t č. 1-12  |a SNK  |b SNK  |y PREZ  |7 0  |p 17A0594671  |o snkČSB 1066/SČ/9/1963  |i snkČSP 643/65  |f 1  |3 rekatalogizácia  |0 0  |1 0  |4 0  |d 2008-07-15  |l 0  |r 2026-02-21 21:30:01  |w 2026-02-21 
952 |t č. 7-12  |a SNK  |b SNK  |y PREZ  |7 0  |p 17A0162584  |o snkČSB 1066/SČ/15/1969/2/1  |i snkČSP 878/72  |z Zviazané spolu s č. 13-14 (časť 2/reg.)  |f 1  |0 0  |1 0  |4 0  |d 1998-09-21  |l 0  |r 2005-01-02 00:00:00  |w 2026-02-21 
952 |t č. 13-14  |a SNK  |b SNK  |y PREZ  |7 0  |p 17A1151894  |o snkČSB 1066/SČ/12/1966/reg. D1  |i snkF 998/72  |8 5  |z Č. 13 a 14 sú len registre ; Č. 13 - predmetový register ; Č. 14 - autorský register  |0 0  |1 0  |4 0  |d 2017-04-06  |l 0  |r 2026-02-21 22:04:25  |w 2026-02-21 
952 |t č. 7-12  |a SNK  |b SNK  |y PREZ  |7 0  |p 17A1206116  |o snkČSB 1066/SČ/12/1966/2  |i snkČSP 602/69  |z Zviazané spolu s č. 1-6 (časť 1)  |f 1  |0 0  |1 0  |4 0  |d 2017-04-24  |l 0  |r 2026-02-21 22:10:55  |w 2026-02-21 
952 |t č. 13-14  |a SNK  |b SNK  |y PREZ  |7 0  |p 17A0750012  |o snkČSB 1066/SČ/12/1966/reg.  |i snkČSP 602/69  |z Č. 13 - predmetový register ; č. 14 - autorský register  |f 1  |0 0  |1 0  |4 0  |d 2017-04-24  |l 0  |r 2026-02-21 22:10:55  |w 2026-02-21 
952 |t č. 7-12  |a SNK  |b SNK  |y PREZ  |7 0  |p 17A1206115  |o snkČSB 1066/SČ/12/1966/2 D1  |0 0  |1 0  |4 0  |d 2017-04-24  |l 0  |r 2026-02-21 22:10:55  |w 2026-02-21 
952 |t č. 13-14  |a SNK  |b SNK  |y PREZ  |7 0  |p 17A0750049  |o snkČSB 1066/SČ/11/1965/reg. D1  |i snkF 999/72  |8 5  |z Č. 13 a 14 sú len registre ; Č. 13 - autorský register ; Č. 14 - predmetový register  |0 0  |1 0  |4 0  |d 2017-04-24  |l 0  |r 2026-02-21 22:11:02  |w 2026-02-21 
952 |t č. 13-14  |a SNK  |b SNK  |y PREZ  |7 0  |p 17A0749978  |o snkČSB 1066/SČ/11/1965/reg.  |z Č. 13 - autorský register ; č. 14 - predmetový register  |f 1  |0 0  |1 0  |4 0  |d 2017-04-24  |l 0  |r 2026-02-21 22:11:02  |w 2026-02-21 
952 |t č. 1-6  |a SNK  |b SNK  |y PREZ  |7 0  |p 17A0750004  |o snkČSB 1066/SČ/11/1965/1  |i snkČSP 416/68  |z Zviazané spolu s č. 7-12 (časť 2)  |f 1  |0 0  |1 0  |4 0  |d 2017-04-24  |l 0  |r 2026-02-21 22:11:02  |w 2026-02-21 
952 |t č. 7-12  |a SNK  |b SNK  |y PREZ  |7 0  |p 17A1206114  |o snkČSB 1066/SČ/11/1965/2  |i snkČSP 416/68  |z Zviazané spolu s č. 1-6 (časť 1)  |f 1  |0 0  |1 0  |4 0  |d 2017-04-24  |l 0  |r 2026-02-21 22:11:02  |w 2026-02-21 
952 |t č. 13  |a SNK  |b SNK  |y PREZ  |7 0  |p 17A0750014  |o snkČSB 1066/SČ/13/1967/reg./1 D1  |i snkF 1001/72  |8 5  |z Č. 13 - predmetový register  |0 0  |1 0  |4 0  |d 2017-04-26  |l 0  |r 2026-02-21 22:11:02  |w 2026-02-21 
952 |t č. 14  |a SNK  |b SNK  |y PREZ  |7 0  |p 17A0750017  |o snkČSB 1066/SČ/13/1967/reg./2 D1  |i snkF 1000/72  |8 5  |z Č. 14 - autorský register  |0 0  |1 0  |4 0  |d 2017-04-26  |l 0  |r 2026-02-21 22:11:02  |w 2026-02-21 
952 |t č. 7-14   |a SNK  |b SNK  |y PREZ  |7 0  |p 17A1206108  |o snkČSB 1066/SČ/11/1965/2 D1  |z Č. 13 a 14 sú len registre ; Č. 13 - autorský register ; Č. 14 - predmetový register  |0 0  |1 0  |4 0  |d 2017-04-26  |l 0  |r 2026-02-21 22:11:02  |w 2026-02-21 
952 |t č. 1-6  |a SNK  |b SNK  |y PREZ  |7 0  |p 17A1206107  |o snkČSB 1066/SČ/15/1969/1 D1  |i snkČSP 877/72  |0 0  |1 0  |4 0  |d 2017-04-26  |l 0  |r 2026-02-21 22:11:06  |w 2026-02-21 
952 |t č. 7-10  |a SNK  |b SNK  |y PREZ  |7 0  |p 17A1206106  |o snkČSB 1066/SČ/15/1969/2/1 D1  |i snkČSP 876/72  |0 0  |1 0  |4 0  |d 2017-04-26  |l 0  |r 2026-02-21 22:11:06  |w 2026-02-21 
952 |t č. 8-14  |a SNK  |b SNK  |y PREZ  |7 0  |p 17A1206104  |o snkČSB 1066/SČ/6/1960/2 D2  |i snkD 768/73  |8 1  |0 0  |1 0  |4 0  |d 2017-04-26  |l 0  |r 2026-02-21 22:11:06  |w 2026-02-21 
952 |t č. 11-14   |a SNK  |b SNK  |y PREZ  |7 0  |p 17A1206103  |o snkČSB 1066/SČ/15/1969/2/2 D1  |i snkČSP 876/72  |z Č. 13 a 14 sú le registre ; Č. 13 - autorský register ; Č. 14 - predmetový register  |0 0  |1 0  |4 0  |d 2017-04-26  |l 0  |r 2026-02-21 22:11:06  |w 2026-02-21 
952 |t č. 13-14   |a SNK  |b SNK  |y PREZ  |7 0  |p 17A1262800  |o snkČSB 1066/SČ/15/1969/2/reg.  |i snkČSP 878/72  |z Č. 13 - autorský register ; č. 14 - predmetový register ; zviazané spolu s č. 7-12 (časť 2/1)  |f 1  |0 0  |1 0  |4 0  |d 2017-04-26  |l 0  |r 2026-02-21 22:11:07  |w 2026-02-21 
952 |t č. 8-14   |a SNK  |b SNK  |y PREZ  |7 0  |p 17A1206101  |o snkČSB 1066/SČ/10/1964/2  |i snkČSP 415/68  |z Č. 13 - autorský register ; č. 14 - predmetový register ; zviazané spolu s č. 1-7 (časť 1)  |f 1  |0 0  |1 0  |4 0  |d 2017-04-26  |l 0  |r 2026-02-21 22:11:07  |w 2026-02-21 
952 |t č. 14  |a SNK  |b SNK  |y PREZ  |7 0  |p 17A1150538  |o snkČSB 1066/SČ/7/1961/reg. D1  |i snkČSP 644/65  |z Č. 14 - predmetový register  |0 0  |1 0  |4 0  |d 2016-05-31  |l 0  |r 2026-02-21 22:24:00  |w 2026-02-21